| 000 | 00375nam a2200157Ia 4500 | ||
|---|---|---|---|
| 005 | 20250405104739.0 | ||
| 008 | 240331s9999 xx 000 0 und d | ||
| 082 |
_bSIV _a894 |
||
| 100 | _aSivasekaram, | ||
| 245 | 0 | _aNathik karai moongil | |
| 250 | _a2nd | ||
| 260 |
_aMadras _bSouth Asian Books _c1995 |
||
| 300 | _a72 p ., | ||
| 500 | _aA collection of Poems | ||
| 942 | _cL | ||
| 999 |
_c4210 _d4210 |
||